Le piace tacito?: ritratti di storici antichi

Kaydedildi:
Detaylı Bibliyografya
Asıl Yazarlar: Treves, Piero (Yazar), Franco, Carlo (Yazar)
Materyal Türü: Kitap
Dil:İtalyanca
Baskı/Yayın Bilgisi: Turín Nino Aragno Editore 2011
Edisyon:1a. ed
Seri Bilgileri:Biblioteca Aragno
Konular:
Etiketler: Etiketle
Etiket eklenmemiş, İlk siz ekleyin!

MARC

LEADER 00000cam a2200000 a 4500
001 UCD9408
003 CL-VaPUC
008 170616e20110900it |||||||||||||||||ita|d
020 |a 9788884195333 
082 0 4 |a 928.51  |b TRE  |2 21 
100 0 |a Treves, Piero  |e author  |9 593111 
700 0 |a Franco, Carlo  |e author  |9 593112 
245 1 3 |a Le piace tacito?: ritratti di storici antichi 
250 |a 1a. ed 
300 |a 236 p 
942 |c BK 
945 |d 20170616 21:05:00  |a arojas 
260 |a Turín  |b Nino Aragno Editore  |c 2011 
600 0 |a Tácito, Cornelio  |9 438184 
650 0 |a Biografías  |9 255210 
650 0 |a Historia antigua  |9 267521 
583 |a last modification  |c 20170616 21:05:00  |k Rodrigo Vera 
490 0 |a Biblioteca Aragno 
999 |c 368611  |d 368609 
952 |0 0  |1 0  |3 erb  |4 0  |6 928_510000000000000_TRE_2011  |7 0  |8 A  |9 483974  |a FDOLAF  |b BIBEDU  |e Laffi, Umberto, 1939-  |i 5396794  |l 1  |o 928.51 TRE 2011  |p 5396794  |r 2024-01-30  |s 2021-01-07  |w 2019-11-24  |y BK  |z Catalogado en:20170616  |k LAF